[Event "Open Tre Circoli"]
[Site "Udine ITA"]
[Date "2012.02.25"]
[Round "5"]
[White "Gentile, Bruno"]
[Black "Pellicoro, Roberto"]
[WhiteElo "1338"]
[BlackElo "1404"]
[Result "0-1"]
[PlyCount "87"]
[EventDate "2012.01.21"]

1. e4 e5 2. Nf3 Nc6 3. Bb5 Nf6 4. O-O Bc5 5. Bxc6 dxc6 6. c3 Bd6 7. Re1 O-O 8.
d3 c5 9. Nbd2 b6 10. Nc4 Bg4 11. Re3 b5 12. Ncd2 Qc8 13. Qf1 a6 14. a4 b4 15.
a5 bxc3 16. bxc3 Nh5 17. Nh4 Be7 18. Nhf3 g6 19. h3 Bxf3 20. Nxf3 Nf4 21. Nxe5
Bf6 22. d4 cxd4 23. cxd4 Qd8 24. Qc4 Bxe5 25. dxe5 Qd1+ 26. Qf1 Qd4 27. Ba3
Rfd8 28. Rb1 Qxe5 29. Bb2 Qxa5 30. Qc4 Qg5 31. Rg3 Qe7 32. e5 Ne6 33. Ra1 Rdb8
34. Ba3 Qd7 35. Kh2 Qb5 36. Qc1 Nd4 37. Re3 Nb3 38. Rxb3 Qxb3 39. Qxc7 Qd5 40.
Bd6 Rd8 41. Qb6 Rxd6 42. exd6 Qe5+ 43. g3 Qxa1 44. Qc7 0-1

[Event "Open Tre Circoli"]
[Site "Udine ITA"]
[Date "2012.02.25"]
[Round "5"]
[White "Marziali, Giulio"]
[Black "Canciani, Sardo"]
[WhiteElo "1502"]
[BlackElo "1430"]
[Result "1/2-1/2"]
[PlyCount "144"]
[EventDate "2012.01.21"]

1. d4 e6 2. c4 f5 3. Nc3 Nf6 4. Bg5 Be7 5. Nf3 d5 6. e3 c6 7. Bd3 O-O 8. O-O
Ne4 9. Bf4 g5 10. Be5 Nd7 11. h3 Nxe5 12. Nxe5 Qe8 13. Nxe4 fxe4 14. Be2 Bf6
15. Bh5 Qe7 16. Ng4 Bd7 17. Nxf6+ Qxf6 18. Qb3 Rab8 19. Bg4 Qe7 20. Rac1 Kg7
21. Rc2 Be8 22. Qc3 h5 23. Be2 Kh6 24. a3 Rg8 25. g3 Bd7 26. Kg2 Rbf8 27. b4 h4
28. g4 Rg6 29. cxd5 exd5 30. Qc5 Qxc5 31. bxc5 Rg7 32. Rb2 Bc8 33. a4 Rgf7 34.
a5 a6 35. Bd1 Kg7 36. f3 exf3+ 37. Rxf3 Rxf3 38. Bxf3 Re8 39. Re2 Be6 40. e4
dxe4 41. Rxe4 Bf7 42. Rxe8 Bxe8 43. Be4 Bd7 44. Kf3 Kf6 45. Ke3 Be6 46. Kd3 Bd5
47. Ke3 Be6 48. Kd2 Bd5 49. Kd3 Bxe4+ 50. Kxe4 Ke6 51. d5+ cxd5+ 52. Kd4 Ke7
53. Kxd5 Kd7 54. Ke5 Kc6 55. Kf5 Kxc5 56. Kxg5 b5 57. axb6 Kxb6 58. Kxh4 a5 59.
g5 a4 60. g6 a3 61. g7 a2 62. g8=Q a1=Q 63. Qb8+ Kc6 64. Qc8+ Kd6 65. Qd8+ Ke6
66. Qe8+ Kf5 67. Qd7+ Kg6 68. Qe6+ Qf6+ 69. Qxf6+ Kxf6 70. Kh5 Kg7 71. Kg5 Kh8
72. Kh6 Kg8 1/2-1/2

[Event "Open Tre Circoli"]
[Site "Udine ITA"]
[Date "2012.02.25"]
[Round "5"]
[White "Muzzolini, Claudio"]
[Black "Willis, Daniel"]
[WhiteElo "1841"]
[BlackElo "1715"]
[Result "0-1"]
[PlyCount "90"]
[EventDate "2012.01.21"]

1. e4 e6 2. Bc4 d5 3. exd5 exd5 4. Bb3 Nf6 5. d3 Bd6 6. Bg5 c6 7. Qe2+ Be6 8.
Nd2 a5 9. a3 a4 10. Ba2 Nbd7 11. Ngf3 O-O 12. O-O Re8 13. Rfe1 Qc7 14. Qf1 Qb6
15. Rab1 h6 16. Be3 Qc7 17. h3 c5 18. d4 b6 19. Rbc1 c4 20. c3 Bf5 21. Bb1 Bxb1
22. Rxb1 Nb8 23. Re2 Nc6 24. Rbe1 Na5 25. Nh4 Nb3 26. Ndf3 Qd7 27. g4 Ne4 28.
Qg2 b5 29. Nf5 Bf8 30. Ne5 Rxe5 31. dxe5 b4 32. cxb4 Rc8 33. f3 Ng5 34. Rd1 Ne6
35. Nd4 c3 36. Nxe6 fxe6 37. f4 d4 38. Qe4 Qc6 39. Bc1 Qxe4 40. Rxe4 Nxc1 41.
Rxc1 cxb2 42. Rb1 Rc1+ 43. Re1 Rxe1+ 44. Rxe1 Bxb4 45. axb4 a3 0-1

[Event "Open Tre Circoli"]
[Site "Udine ITA"]
[Date "2012.02.25"]
[Round "5"]
[White "Pillon, Giovanni Pietro"]
[Black "Capaliku, Aleks"]
[WhiteElo "1890"]
[BlackElo "2099"]
[Result "0-1"]
[PlyCount "150"]
[EventDate "2012.01.21"]

1. d4 e6 2. c4 f5 3. Nc3 b6 4. e4 fxe4 5. Nxe4 Bb4+ 6. Bd2 Bxd2+ 7. Qxd2 Nf6 8.
Nc3 Bb7 9. f3 O-O 10. Bd3 Nc6 11. Nge2 Nb4 12. Bb1 a5 13. a3 Na6 14. Bd3 Qe7
15. O-O e5 16. Rae1 Rae8 17. dxe5 Qc5+ 18. Kh1 Rxe5 19. Ng3 Rfe8 20. Nce4 Nxe4
21. Nxe4 Qe7 22. Rd1 Nc5 23. Nxc5 Qxc5 24. Qf2 Qxf2 25. Rxf2 Re1+ 26. Rf1 Rxf1+
27. Rxf1 a4 28. Kg1 Ba6 29. Rd1 d6 30. Rd2 Re1+ 31. Kf2 Rc1 32. Rc2 Rxc2+ 33.
Bxc2 Bxc4 34. Bxa4 Kf7 35. Ke3 Ke6 36. Bc2 h6 37. Bh7 d5 38. f4 c5 39. Kd2 Bf1
40. Bg8+ Kd6 41. g3 c4 42. Kc3 Kc5 43. b4+ cxb3 44. Kxb3 Kd4 45. Kc2 Bc4 46.
Kd2 Ke4 47. Bf7 Kf3 48. Be6 Kg2 49. Ke1 b5 50. Bf7 Kg1 51. Be6 Kxh2 52. Kf2 Bb3
53. Bf7 Bc4 54. Be6 h5 55. Bf7 h4 56. gxh4 Kh3 57. f5 Kxh4 58. Be6 Kg5 59. Ke3
Kf6 60. Kd4 g5 61. Bd7 g4 62. Ke3 g3 63. Kf3 d4 64. Bc6 Kxf5 65. Be4+ Ke5 66.
Bc2 d3 67. Bd1 Kd4 68. Kxg3 Ke3 69. Kg2 Kd2 70. Bh5 Kc2 71. Kf2 Kb3 72. Ke3
Kxa3 73. Kd2 b4 74. Kc1 Ka2 75. Bd1 b3 0-1

[Event "Open Tre Circoli"]
[Site "Udine ITA"]
[Date "2012.02.25"]
[Round "5"]
[White "Roiatti, Noris"]
[Black "Redo, Stefano"]
[WhiteElo "1769"]
[BlackElo "1879"]
[Result "0-1"]
[PlyCount "54"]
[EventDate "2012.01.21"]

1. e4 c5 2. Nc3 a6 3. Bc4 e6 4. a4 Nc6 5. Nf3 Qc7 6. d4 cxd4 7. Nxd4 Nf6 8. O-O
h5 9. Be2 b6 10. Bf3 Bb7 11. Re1 Bc5 12. Nxc6 dxc6 13. Be3 Bd6 14. Bxb6 Bxh2+
15. Kh1 Qxb6 16. Kxh2 Qxf2 17. Qe2 Ng4+ 18. Kh3 Qd4 19. Bxg4 hxg4+ 20. Kxg4 Rh6
21. Rh1 Rg6+ 22. Kh3 O-O-O 23. g3 Qe5 24. Qe3 Rd2 25. Ne2 Rxe2 26. Qf4 Rh6+ 27.
Kg4 Rxe4 0-1

[Event "Open Tre Circoli"]
[Site "Udine ITA"]
[Date "2012.02.25"]
[Round "5"]
[White "Santacroce, Fidel"]
[Black "Russotto, Gioele"]
[WhiteElo "1574"]
[BlackElo "1404"]
[Result "1/2-1/2"]
[PlyCount "37"]
[EventDate "2012.01.21"]

1. e4 e5 2. Nf3 Nc6 3. Bc4 Bc5 4. Nc3 Nf6 5. d3 d6 6. Na4 Bb6 7. Nxb6 axb6 8.
h3 Bd7 9. O-O O-O 10. Be3 Re8 11. Re1 Be6 12. Bxe6 Rxe6 13. Bd2 d5 14. exd5
Qxd5 15. Ng5 Re7 16. Ne4 Nxe4 17. dxe4 Qd7 18. Bg5 f6 19. Be3 1/2-1/2

[Event "Open Tre Circoli"]
[Site "Udine ITA"]
[Date "2012.02.25"]
[Round "5"]
[White "Sorgo, Roberto"]
[Black "Simoni, Giulio"]
[WhiteElo "1883"]
[BlackElo "1658"]
[Result "1/2-1/2"]
[PlyCount "98"]
[EventDate "2012.01.21"]

1. d4 d5 2. Nf3 Nf6 3. Bg5 Nbd7 4. e3 h6 5. Bh4 e6 6. Nbd2 Be7 7. Bd3 c5 8. c3
b6 9. O-O Bb7 10. Ne5 Nxe5 11. dxe5 Nd7 12. Bg3 h5 13. f4 g6 14. e4 Qc7 15.
exd5 Bxd5 16. Qe2 h4 17. Bf2 h3 18. g3 Kf8 19. Be4 Qb7 20. c4 Bxe4 21. Qxe4
Qxe4 22. Nxe4 Rd8 23. Rad1 Kg7 24. Rd3 Nb8 25. Rfd1 Rxd3 26. Rxd3 Kf8 27. Nc3
a6 28. Na4 f6 29. exf6 Bxf6 30. Nxb6 Bxb2 31. Bxc5+ Kf7 32. Bd6 Rd8 33. c5 Nc6
34. Nc4 Bd4+ 35. Kf1 Bxc5 36. Ne5+ Nxe5 37. fxe5 Bxd6 38. exd6 e5 39. g4 Ke6
40. Rxh3 Rxd6 41. Ra3 Kd5 42. h4 Ke4 43. Ke2 Kf4 44. Ra4+ e4 45. h5 gxh5 46.
gxh5 Rb6 47. Ra3 Rb2+ 48. Ke1 Rh2 49. Rxa6 Rxh5 1/2-1/2

[Event "Open Tre Circoli"]
[Site "Udine ITA"]
[Date "2012.02.25"]
[Round "5"]
[White "Zucchetto, Pierpaolo"]
[Black "Muradore, Aldo"]
[WhiteElo "1802"]
[BlackElo "1551"]
[Result "1-0"]
[PlyCount "65"]
[EventDate "2012.01.21"]

1. d4 d5 2. e3 Nf6 3. Bd3 g6 4. Nd2 Bg7 5. c3 O-O 6. f4 Bg4 7. Ngf3 Qc8 8. O-O
c5 9. Qe2 c4 10. Bc2 Qc6 11. h3 Bd7 12. Ne5 Qc8 13. Nxd7 Qxd7 14. e4 dxe4 15.
Nxc4 Nc6 16. Ne5 Nxe5 17. fxe5 Nh5 18. Kh2 Bh8 19. Bxe4 f5 20. Bf3 Ng7 21. Bh6
e6 22. a4 Rab8 23. g3 b5 24. axb5 Rxb5 25. Be3 Rfb8 26. Rfb1 Ne8 27. Ra6 R8b6
28. Rxb6 axb6 29. Qc4 Nc7 30. Bc6 Qe7 31. Bxb5 Nd5 32. Qe2 Bg7 33. Ra1 1-0

[Event "Open Tre Circoli"]
[Site "Udine ITA"]
[Date "2012.03.03"]
[Round "6"]
[White "Canciani, Sardo"]
[Black "Bernard, Federico"]
[WhiteElo "1430"]
[BlackElo "1482"]
[Result "0-1"]
[PlyCount "130"]
[EventDate "2012.01.21"]

1. d4 f5 2. Bf4 Nf6 3. e3 d6 4. Nf3 a6 5. Nbd2 Nc6 6. c3 Be6 7. Bd3 g6 8. h3
Bg7 9. O-O h6 10. Re1 Qd7 11. e4 fxe4 12. Nxe4 Bf5 13. Bg3 O-O-O 14. Qe2 Nxe4
15. Bxe4 Rde8 16. Nh4 Bxe4 17. Qxe4 g5 18. Nf3 Rhg8 19. Qe6 Bf6 20. Re2 h5 21.
Rae1 Nd8 22. Qxd7+ Kxd7 23. d5 c6 24. c4 h4 25. Bh2 g4 26. hxg4 Rxg4 27. b3
Reg8 28. g3 Nf7 29. Re4 Ne5 30. Nxe5+ Bxe5 31. Rxg4 Rxg4 32. Kg2 hxg3 33. Bxg3
Bxg3 34. fxg3 cxd5 35. cxd5 Rd4 36. Re2 Rxd5 37. g4 Rg5 38. Kf3 e5 39. Rh2 Rg7
40. Rh5 Rf7+ 41. Ke3 Ke6 42. Rh6+ Rf6 43. Rh7 Rf7 44. Rh6+ Kd5 45. g5 b5 46. b4
Rg7 47. g6 Ke6 48. Kf3 Kf6 49. Rh8 Kf5 50. Rd8 Rxg6 51. Ra8 d5 52. Rf8+ Rf6 53.
Rd8 e4+ 54. Ke3 Ke5 55. Re8+ Kd6 56. Rd8+ Kc6 57. Rc8+ Kd7 58. Rc5 Rf3+ 59. Kd4
Rd3+ 60. Ke5 e3 61. Rc1 Rd2 62. Re1 e2 63. a3 d4 64. Ke4 d3 65. Rh1 e1=Q+ 0-1

[Event "Open Tre Circoli"]
[Site "Udine ITA"]
[Date "2012.03.03"]
[Round "6"]
[White "Capaliku, Aleks"]
[Black "Redo, Stefano"]
[WhiteElo "2099"]
[BlackElo "1879"]
[Result "1/2-1/2"]
[PlyCount "101"]
[EventDate "2012.01.21"]

1. e4 c5 2. Nf3 e6 3. d4 cxd4 4. Nxd4 a6 5. Be2 Nf6 6. Nc3 Qc7 7. Be3 Bb4 8. f3
d5 9. Bg5 dxe4 10. Bxf6 Bxc3+ 11. bxc3 Qxc3+ 12. Qd2 Qxd2+ 13. Kxd2 gxf6 14.
fxe4 Rg8 15. g3 Nd7 16. Rhf1 Ke7 17. Rf2 b6 18. Ke3 Bb7 19. Raf1 Rac8 20. Rb1
Rc3+ 21. Bd3 Rgc8 22. Rf4 f5 23. Ne2 Ra3 24. Rb3 Rxb3 25. cxb3 fxe4 26. Bxe4
Bxe4 27. Rxe4 Rc2 28. Rh4 Nf6 29. Ra4 Nd5+ 30. Kd3 Rxa2 31. Rxa2 Nb4+ 32. Kc4
Nxa2 33. b4 a5 34. bxa5 bxa5 35. Kb5 Nb4 36. Kxa5 Nd5 37. Kb5 e5 38. Kc5 Ke6
39. Ng1 Ne3 40. Nf3 f6 41. h3 Kf5 42. Kd6 Ng2 43. Ke7 e4 44. Nd4+ Kg6 45. Ke6
e3 46. Kd5 f5 47. Ke5 Kg5 48. Ne6+ Kg6 49. Nd4 Kg5 50. Ne6+ Kg6 51. Nd4 1/2-1/2

[Event "Open Tre Circoli"]
[Site "Udine ITA"]
[Date "2012.03.03"]
[Round "6"]
[White "Ciani, Davide"]
[Black "Bozza, Stefano"]
[WhiteElo "1719"]
[BlackElo "1836"]
[Result "1/2-1/2"]
[PlyCount "57"]
[EventDate "2012.01.21"]

1. d4 Nf6 2. Nf3 e6 3. e3 d5 4. Bd3 Be7 5. O-O O-O 6. b3 c5 7. Nbd2 Nc6 8. Bb2
Qc7 9. dxc5 e5 10. e4 Bxc5 11. c4 d4 12. a3 a5 13. Kh1 Bg4 14. g3 Qd7 15. Qc2
Bh3 16. Rfe1 b6 17. Ng1 Rad8 18. Nxh3 Qxh3 19. Rg1 Rd6 20. Rg2 Ng4 21. Nf3 Rfd8
22. Rd1 Qh6 23. Qe2 Qe6 24. Nh4 g6 25. Nf3 h6 26. Bc1 Kg7 27. h3 Nf6 28. Kh2
Rh8 29. Nh4 1/2-1/2

[Event "Open Tre Circoli"]
[Site "Udine ITA"]
[Date "2012.03.03"]
[Round "6"]
[White "Degano, Emanuele"]
[Black "Sorgo, Roberto"]
[WhiteElo "1725"]
[BlackElo "1883"]
[Result "1/2-1/2"]
[PlyCount "41"]
[EventDate "2012.01.21"]

1. e4 d5 2. exd5 Qxd5 3. Nc3 Qa5 4. d4 c6 5. Bc4 Nf6 6. Nf3 Bf5 7. Bd2 e6 8.
Nh4 Bg4 9. f3 Bh5 10. Qe2 Nbd7 11. Bxe6 fxe6 12. Qxe6+ Kd8 13. O-O-O Bb4 14.
Qb3 Bxc3 15. bxc3 Rf8 16. c4 Qb6 17. Bb4 Re8 18. Nf5 Bg6 19. Nxg7 Re2 20. Rd2
Rxd2 21. Bxd2 1/2-1/2

[Event "Open Tre Circoli"]
[Site "Udine ITA"]
[Date "2012.03.03"]
[Round "6"]
[White "Dizorz, Marco"]
[Black "Marziali, Giulio"]
[WhiteElo "1529"]
[BlackElo "1502"]
[Result "0-1"]
[PlyCount "116"]
[EventDate "2012.01.21"]

1. e4 c6 2. d4 d5 3. exd5 cxd5 4. Nc3 Nf6 5. Bg5 Nc6 6. Bb5 e6 7. Nge2 Be7 8.
O-O O-O 9. Ng3 h6 10. Be3 Ne8 11. Qf3 Nd6 12. Bxc6 bxc6 13. Na4 Nc4 14. Bc1 Qa5
15. b3 Ba6 16. Rd1 Bf6 17. Qc3 Qxc3 18. Nxc3 Nd6 19. Ba3 Rfd8 20. Na4 Nb5 21.
Bc5 g6 22. Rd2 e5 23. c3 e4 24. c4 Nc7 25. Rc2 Ne6 26. Rd1 dxc4 27. bxc4 Bxd4
28. Bxd4 Rxd4 29. Rxd4 Nxd4 30. Rd2 Rd8 31. Nxe4 Bxc4 32. Kh1 Rb8 33. Nac3 Ne6
34. Rd7 Bxa2 35. h3 Bd5 36. Nf6+ Kg7 37. Nfxd5 cxd5 38. Nxd5 Rd8 39. Rxd8 Nxd8
40. Kg1 a5 41. Nb6 Nb7 42. Kf1 Nc5 43. Ke2 a4 44. Nc4 f5 45. Ke3 Kf6 46. Kd4
Ne6+ 47. Kc3 Nc5 48. Kb4 Nd3+ 49. Kxa4 Nxf2 50. h4 f4 51. Kb3 Kf5 52. Nd2 Kg4
53. Nf3 Kg3 54. Ne5 Kxg2 55. Nxg6 f3 56. Ne5 Kg3 57. Kc2 Ng4 58. Ng6 f2 0-1

[Event "Open Tre Circoli"]
[Site "Udine ITA"]
[Date "2012.03.03"]
[Round "6"]
[White "Facchin, Francesco"]
[Black "Roiatti, Noris"]
[WhiteElo "1733"]
[BlackElo "1769"]
[Result "1-0"]
[PlyCount "46"]
[EventDate "2012.01.21"]

1. d4 Nf6 2. c4 d5 3. e3 e6 4. Nc3 Bd7 5. cxd5 exd5 6. Bd3 Bd6 7. Nge2 O-O 8.
O-O c6 9. a4 Na6 10. Bxa6 bxa6 11. Qd3 a5 12. f4 Re8 13. Ng3 Ng4 14. h3 Qh4 15.
Rf3 Nh6 16. Bd2 Qd8 17. e4 dxe4 18. Ncxe4 Be7 19. f5 Bf8 20. Bxh6 gxh6 21. Nh5
Kh8 22. Nef6 Bd6 23. Nxe8 Qxe8 1-0

[Event "Open Tre Circoli"]
[Site "Udine ITA"]
[Date "2012.03.03"]
[Round "6"]
[White "Menon, Michele"]
[Black "Muradore, Aldo"]
[WhiteElo "1786"]
[BlackElo "1551"]
[Result "1-0"]
[PlyCount "62"]
[EventDate "2012.01.21"]

1. Nf3 d5 2. b3 Nf6 3. Bb2 Nbd7 4. g3 g6 5. Bg2 Bg7 6. d3 O-O 7. O-O c5 8. Nbd2
Re8 9. e4 e5 10. exd5 e4 11. dxe4 Nxe4 12. Bxg7 Kxg7 13. Nxe4 Rxe4 14. c4 Nf6
15. Qd2 Qd6 16. Rfe1 Bd7 17. Qb2 Rae8 18. Rxe4 Rxe4 19. Re1 Rxe1+ 20. Nxe1 Qe7
21. Qc3 Kg8 22. Qe3 Qd6 23. Nd3 Ng4 24. Qxc5 Qf6 25. Bf1 b6 26. Qc7 Bf5 27. Qf4
Qa1 28. Nc1 Qc3 29. a3 Ne5 30. Kg2 Qe1 31. Be2 Bh3+ 1-0

[Event "Open Tre Circoli"]
[Site "Udine ITA"]
[Date "2012.03.03"]
[Round "6"]
[White "Orsatti, Marcello"]
[Black "Pillon, Giovanni Pietro"]
[WhiteElo "1976"]
[BlackElo "1890"]
[Result "1-0"]
[PlyCount "67"]
[EventDate "2012.01.21"]

1. c4 e6 2. Nc3 Nf6 3. g3 d5 4. d4 Bb4 5. a3 Bxc3+ 6. bxc3 O-O 7. Bg2 Nbd7 8.
Nf3 c6 9. O-O Ne4 10. Qc2 Qa5 11. Bd2 Nxd2 12. Nxd2 f6 13. cxd5 exd5 14. c4 Nb6
15. c5 Nd7 16. e4 dxe4 17. Nc4 Qc7 18. Nd6 g6 19. Qxe4 Nb6 20. Nxc8 Nxc8 21.
Rfe1 Rf7 22. d5 cxd5 23. Qe8+ Kg7 24. Bxd5 Rf8 25. Qe4 Rb8 26. Rad1 b6 27. Be6
Qxc5 28. Rd7+ Kh8 29. Qh4 Qh5 30. Qf4 Ra8 31. Bd5 g5 32. Qc7 g4 33. Bxa8 Qa5
34. Rxh7+ 1-0

[Event "Open Tre Circoli"]
[Site "Udine ITA"]
[Date "2012.03.03"]
[Round "6"]
[White "Pellicoro, Roberto"]
[Black "Santacroce, Fidel"]
[WhiteElo "1404"]
[BlackElo "1574"]
[Result "0-1"]
[PlyCount "48"]
[EventDate "2012.01.21"]

1. e4 c5 2. Nf3 e6 3. Nc3 a6 4. Bc4 b5 5. Be2 Qc7 6. O-O Nc6 7. d4 cxd4 8. Nxd4
Bc5 9. Be3 d6 10. a3 Nf6 11. b4 Bb6 12. Nxc6 Bxe3 13. fxe3 Qxc6 14. Bf3 Qxc3
15. e5 Qxe3+ 16. Kh1 Ra7 17. exf6 O-O 18. fxg7 Rd8 19. Bh5 d5 20. Bxf7+ Rxf7
21. Qh5 Rxg7 22. Rf3 Qg5 23. Qh3 e5 24. Qg3 Qxg3 0-1

[Event "Open Tre Circoli"]
[Site "Udine ITA"]
[Date "2012.03.03"]
[Round "6"]
[White "Russotto, Gioele"]
[Black "De Nardo, Elena"]
[WhiteElo "1404"]
[BlackElo "1520"]
[Result "0-1"]
[PlyCount "86"]
[EventDate "2012.01.21"]

1. e4 e6 2. d4 d5 3. exd5 exd5 4. Nf3 Nf6 5. Bg5 Be7 6. Be2 Bf5 7. Nc3 h6 8.
Bh4 Nbd7 9. O-O c6 10. Re1 O-O 11. Bd3 Ne4 12. Bxe7 Qxe7 13. Nd2 Qb4 14. Bxe4
Bxe4 15. Ndxe4 dxe4 16. Rb1 f5 17. a3 Qb6 18. d5 Nf6 19. dxc6 Qxc6 20. Qe2 a6
21. Rbd1 Rad8 22. Rd2 Qc7 23. Red1 Ng4 24. g3 h5 25. Nd5 Qf7 26. h3 Ne5 27. Kh1
Nf3 28. Nf4 Rxd2 29. Rxd2 Nxd2 30. Qxd2 Kh7 31. Qe2 g6 32. h4 Qd7 33. Nh3 Rd8
34. Qc4 b5 35. Qb3 Qd5 36. Ng5+ Kg8 37. Qc3 e3+ 38. Kg1 exf2+ 39. Kxf2 Qd2+ 40.
Kf3 Qxc3+ 41. bxc3 Rc8 42. Ne6 Rxc3+ 43. Kf4 Rxc2 0-1

[Event "Open Tre Circoli"]
[Site "Udine ITA"]
[Date "2012.03.03"]
[Round "6"]
[White "Salone, Andrea"]
[Black "Simoni, Giulio"]
[WhiteElo "1572"]
[BlackElo "1658"]
[Result "1/2-1/2"]
[PlyCount "70"]
[EventDate "2012.01.21"]

1. Nf3 d5 2. g3 c5 3. Bg2 Nc6 4. d3 e5 5. Nc3 d4 6. Ne4 f5 7. Ned2 Nf6 8. Nc4
Qc7 9. Bg5 Be7 10. a4 Be6 11. Nfd2 h6 12. Bxf6 Bxf6 13. e4 O-O 14. exf5 Bxf5
15. Ne4 Be7 16. O-O Na5 17. Ned2 Nxc4 18. Nxc4 Bf6 19. Qf3 Bc8 20. Qh5 Bd7 21.
Bd5+ Kh8 22. Be4 Be6 23. Qg6 Bg8 24. Rfe1 Be7 25. Qh5 Bxc4 26. dxc4 Rf6 27. Bd3
Bd6 28. Re2 Raf8 29. Rae1 Qf7 30. Qxf7 R6xf7 31. b3 b6 32. Ra1 a5 33. Be4 g5
34. f3 Kg7 35. g4 Rb8 1/2-1/2

[Event "Open Tre Circoli"]
[Site "Udine ITA"]
[Date "2012.03.03"]
[Round "6"]
[White "Stefanutti, Piero"]
[Black "Lena, Leonardo"]
[WhiteElo "1501"]
[BlackElo "1368"]
[Result "1-0"]
[PlyCount "45"]
[EventDate "2012.01.21"]

1. e4 e5 2. Nf3 Nf6 3. Nxe5 Nc6 4. Nxc6 dxc6 5. Nc3 Bc5 6. Be2 Be6 7. d3 Qe7 8.
g4 O-O-O 9. Bd2 Kb8 10. g5 Ne8 11. Na4 Bd6 12. f4 h6 13. e5 hxg5 14. exd6 Qxd6
15. Bf3 gxf4 16. Qe2 Nf6 17. O-O-O Bxa2 18. Qg2 b5 19. Nc3 Bd5 20. Nxd5 Nxd5
21. Bxd5 Qxd5 22. Qxd5 Rxd5 23. Bxf4 1-0

[Event "Open Tre Circoli"]
[Site "Udine ITA"]
[Date "2012.03.03"]
[Round "6"]
[White "Willis, Daniel"]
[Black "Zucchetto, Pierpaolo"]
[WhiteElo "1715"]
[BlackElo "1802"]
[Result "1-0"]
[PlyCount "156"]
[EventDate "2012.01.21"]

1. d4 d5 2. c4 e6 3. Nc3 f5 4. e3 Nf6 5. Bd3 c6 6. Qc2 g6 7. b3 Bd6 8. Nge2 O-O
9. O-O Qe7 10. f3 Nbd7 11. e4 fxe4 12. fxe4 e5 13. exd5 exd4 14. dxc6 Nc5 15.
Nxd4 Bxh2+ 16. Kh1 Bg3 17. Bg5 Qd6 18. Ncb5 Qe7 19. Bxg6 Qg7 20. Rxf6 Rxf6 21.
Bxh7+ Kh8 22. Bxf6 Qxf6 23. Qc3 Qh4+ 24. Kg1 Kxh7 25. Qf3 Bh2+ 26. Kf1 Qf4 27.
Re1 bxc6 28. Qxf4 Bxf4 29. Nxc6 Bf5 30. Nbxa7 Be4 31. Rd1 Nd3 32. a3 Rg8 33.
Nd4 Rxg2 34. Rxd3 Rh2 35. Rc3 Rh1+ 36. Kf2 Bd2 37. Nab5 Rh2+ 38. Kg1 Rg2+ 39.
Kf1 Bxc3 40. Nxc3 Bb7 41. a4 Rd2 42. Ndb5 Kg6 43. Ke1 Rb2 44. Kd1 Kf6 45. Kc1
Rh2 46. Nd5+ Ke5 47. a5 Rg2 48. Nb4 Rg3 49. Kb2 Rg2+ 50. Ka3 Rg6 51. Ka4 Rh6
52. Nc3 Kd4 53. Ncd5 Kc5 54. Nb6 Rh1 55. Nd3+ Kd4 56. Nb4 Kc5 57. Nd7+ Kd6 58.
Nf6 Kc5 59. Nd7+ Kd6 60. a6 Kxd7 61. axb7 Kc7 62. b8=Q+ Kxb8 63. Nc6+ Kb7 64.
Kb5 Rh6 65. Na5+ Kc7 66. c5 Rh4 67. b4 Rg4 68. Nc4 Rg1 69. Nb6 Rc1 70. Na4 Kb7
71. Ka5 Ra1 72. b5 Rc1 73. Kb4 Rb1+ 74. Kc4 Rc1+ 75. Nc3 Kc7 76. Kd4 Rc2 77.
Nd5+ Kb7 78. b6 Kc6 1-0

[Event "Open Tre Circoli"]
[Site "Udine ITA"]
[Date "2012.03.10"]
[Round "7"]
[White "Bozza, Stefano"]
[Black "Salone, Andrea"]
[WhiteElo "1836"]
[BlackElo "1572"]
[Result "1-0"]
[PlyCount "27"]
[EventDate "2012.01.21"]

1. e4 d6 2. d4 Nf6 3. Nc3 Nc6 4. f4 Bg4 5. Qd3 e5 6. d5 Nd4 7. f5 Nh5 8. Be3 g6
9. h3 Ng3 10. hxg4 Nxh1 11. O-O-O gxf5 12. exf5 Qf6 13. Ne4 Qh4 14. Nf3 1-0

[Event "Open Tre Circoli"]
[Site "Udine ITA"]
[Date "2012.03.07"]
[Round "7"]
[White "Capaliku, Aleks"]
[Black "Orsatti, Marcello"]
[WhiteElo "2099"]
[BlackElo "1976"]
[Result "1-0"]
[PlyCount "81"]
[EventDate "2012.01.21"]

1. e4 d6 2. Nf3 Nf6 3. Nc3 c6 4. d4 Bg4 5. h3 Bxf3 6. Qxf3 e6 7. d5 e5 8. Bd3
Be7 9. Be3 c5 10. b3 a6 11. a4 Nbd7 12. O-O O-O 13. Ne2 g6 14. g4 Ne8 15. Bh6
Ng7 16. Qe3 Re8 17. Kg2 Bh4 18. Ng1 f5 19. Nf3 f4 20. Qd2 Be7 21. Rh1 g5 22. h4
gxh4 23. g5 Nf8 24. Rxh4 Ng6 25. Rh3 Qd7 26. Rah1 Bf8 27. Nh2 Re7 28. f3 Ne8
29. Ng4 Bxh6 30. Nxh6+ Kf8 31. Nf5 Rf7 32. Kf1 b5 33. Rh6 c4 34. bxc4 bxc4 35.
Bxc4 Qxa4 36. Bd3 Rb8 37. Kg2 Rbb7 38. Rxg6 Rxf5 39. exf5 hxg6 40. f6 Kg8 41.
Bxg6 1-0

[Event "Open Tre Circoli"]
[Site "Udine ITA"]
[Date "2012.03.10"]
[Round "7"]
[White "Lena, Leonardo"]
[Black "Pontonutti, Luciana"]
[WhiteElo "1368"]
[BlackElo "1442"]
[Result "1-0"]
[PlyCount "77"]
[EventDate "2012.01.21"]

1. f4 d6 2. e4 g6 3. Nf3 Bg7 4. Bc4 e6 5. d4 Ne7 6. O-O O-O 7. Nc3 a6 8. Be3 d5
9. Bd3 Nbc6 10. e5 b5 11. Qd2 f5 12. Ng5 Kh8 13. Rf3 Ng8 14. Rh3 h6 15. Bf2 h5
16. Bh4 Qe8 17. Qe2 Nh6 18. Nf3 Nb4 19. Bf2 Ng4 20. Qe1 Bh6 21. Nh4 Bxf4 22. g3
Nxd3 23. cxd3 Nxf2 24. Qxf2 Bg5 25. Qf3 f4 26. g4 Kg7 27. gxh5 Rh8 28. Nxg6 Rh6
29. Nxf4 Qf7 30. Rf1 Bd7 31. Rg3 Qf5 32. Nh3 Rf8 33. Rxg5+ Qxg5+ 34. Nxg5 Rf5
35. Qg4 Rxf1+ 36. Kxf1 Kf8 37. Qf4+ Ke8 38. Qf7+ Kd8 39. Qf8+ 1-0

[Event "Open Tre Circoli"]
[Site "Udine ITA"]
[Date "2012.03.10"]
[Round "7"]
[White "Muradore, Aldo"]
[Black "Dizorz, Marco"]
[WhiteElo "1551"]
[BlackElo "1529"]
[Result "1/2-1/2"]
[PlyCount "73"]
[EventDate "2012.01.21"]

1. d4 Nf6 2. c4 g6 3. b3 Bg7 4. Bb2 O-O 5. Nf3 d6 6. e3 Nbd7 7. Nbd2 Re8 8. Rc1
b6 9. g3 Bb7 10. Bg2 Rb8 11. O-O e5 12. dxe5 Nxe5 13. Nxe5 dxe5 14. Bxb7 Rxb7
15. e4 c5 16. Qc2 Rd7 17. Rcd1 Bh6 18. Nf3 Rxd1 19. Rxd1 Qc7 20. Bc1 Bxc1 21.
Rxc1 Rd8 22. Re1 Qe7 23. Qc1 Ne8 24. Qh6 f6 25. Qe3 Nc7 26. Kg2 Ne6 27. Re2 Nd4
28. Nxd4 cxd4 29. Qd3 Qe6 30. Rc2 Rc8 31. b4 f5 32. f3 fxe4 33. fxe4 Qe7 34. a3
Kg7 35. Rc1 Rc6 36. Rd1 Rf6 37. Rc1 1/2-1/2

[Event "Open Tre Circoli"]
[Site "Udine ITA"]
[Date "2012.03.10"]
[Round "7"]
[White "Pillon, Giovanni Pietro"]
[Black "Ciani, Davide"]
[WhiteElo "1890"]
[BlackElo "1719"]
[Result "1-0"]
[PlyCount "55"]
[EventDate "2012.01.21"]

1. d4 d5 2. c4 c6 3. Nf3 Nf6 4. Bg5 dxc4 5. e3 b5 6. Nc3 Bf5 7. a4 b4 8. Na2 b3
9. Nc3 Bc2 10. Qd2 h6 11. Bxf6 exf6 12. Bxc4 Bb4 13. O-O Be4 14. Qe2 Bxc3 15.
bxc3 b2 16. Qxb2 Bxf3 17. Qb7 Nd7 18. gxf3 O-O 19. Qxc6 Nb6 20. Ba6 f5 21. Kh1
f4 22. Rg1 Qh4 23. Rg4 Qxf2 24. Rag1 f6 25. Rxg7+ Kh8 26. Rg8+ Rxg8 27. Qxf6+
Kh7 28. Bd3+ 1-0

[Event "Open Tre Circoli"]
[Site "Udine ITA"]
[Date "2012.03.10"]
[Round "7"]
[White "Redo, Stefano"]
[Black "Willis, Daniel"]
[WhiteElo "1879"]
[BlackElo "1715"]
[Result "1-0"]
[PlyCount "65"]
[EventDate "2012.01.21"]

1. e4 e6 2. d4 d5 3. Nc3 Bb4 4. Qg4 Ne7 5. Qxg7 Rg8 6. Qxh7 c5 7. Nge2 Nbc6 8.
Be3 cxd4 9. Nxd4 e5 10. Nxc6 bxc6 11. exd5 cxd5 12. Bd2 a6 13. Be2 Bf5 14. Qh5
d4 15. Ne4 Bxd2+ 16. Nxd2 Qa5 17. Bd3 Bxd3 18. cxd3 Rxg2 19. Kf1 Ng6 20. Qf3
Nf4 21. Qxa8+ Ke7 22. Qb7+ Kf8 23. Nc4 Qd8 24. Nxe5 Rxf2+ 25. Kxf2 Qh4+ 26. Kf3
Qh3+ 27. Kxf4 Qe3+ 28. Kf5 Qh3+ 29. Kg5 Qe3+ 30. Kh4 Qxe5 31. Qa8+ Kg7 32.
Rhg1+ Kh6 33. Qe4 1-0